Statystyki dla Wymień wszystkich mistrzów KSW w wadze półśredniej.

Kliknij tutaj aby rozwiązać quiz!

Ogólne statystyki

  • Ten quiz został rozwiązany 10 razy
  • Średni wynik to 4 z 5

Statystyki odpowiedzi

ROKMistrz% Poprawnych
2014-2017Borys Mańkowski
100%
2017-2018Roberto Soldić
100%
2018-2022Roberto Soldić
100%
2018-2018Dricus du Plessis
70%
2012-2014Asłambiek Saidow
40%

Rozkład punktacji

Percentyl według liczby udzielonych odpowiedzi

Procent ludzi z każdym wynikiem

Twoja historia wyników

Nie rozwiązałeś tego quizu